000 00900nam a2200241 a 4500
003 CBULib
005 20240422095308.0
008 060407s2004 ||||||||||||||||| || u
020 _a9210163613
040 _aCBULib
_bEnglish
_cCBULib
_dCBULib
_erda
050 _aUN-ECE(02)2004/1
110 _aUnited Nations Economic Commission for Europe (UNECE)
245 1 0 _aAccess to financing and ITC for women entrepreneurs in the UNECE region : challenges and good practices
_c/by United Nations Economic Commission for Europe (UN-ECE)
260 _aGeneva :
_bUNITED NATIONS
_c2004
300 _axi, 138p. : illustration
336 _2rdacontent
_aText |
_btxt
337 _2rdamedia
_aUnmediated |
_bn
338 _2rdacarrier
_aVolume
_bnc
650 0 _aBUSINESS
650 _aWOMEN--ENTREPRENEURSHIP
942 _2mc
_c029
999 _c33261
_d33261